Current Springboks Squad - Statistics

General Stats
  • This quiz has been taken 60 times
    47 since last reset
  • The average score is 20 of 54
Answer Stats
Position Club Caps Player % Correct
Lock Sharks 106 Eben Etzebeth
88%
Wing Toulon 20 Cheslin Kolbe
84%
Scrum-half Yokohama Canon Eagles 42 Faf de Klerk
78%
Hooker Sharks 51 Bongi Mbonambi
75%
Hooker Kubota Spears 43 Malcolm Marx
75%
Loose Forward (C) Sharks 71 Siya Kolisi
75%
Prop Stormers 67 Steven Kitshoff
75%
Prop Stormers 54 Frans Malherbe
69%
Wing Bulls 3 Kurt-Lee Arendse
69%
Wing Sharks 33 Makazole Mapimpi
69%
Fly-half Stormers 0 Manie Libbok
69%
Fullback Toyota Verblitz 79 Willie le Roux
69%
Centre Yokohama Canon Eagles 56 Jesse Kriel
66%
Prop Sharks 15 Ox Nché
66%
Loose Forward Toyota Verblitz 64 Pieter-Steph du Toit
66%
Prop Sharks 14 Thomas du Toit
66%
Centre Yokohama Canon Eagles 66 Damian de Allende
63%
Scrum-half Montpellier 22 Cobus Reinach
59%
Fly-half Stormers 23 Damian Willemse
56%
Lock Mie Honda Heat 59 Franco Mostert
56%
Scrum-half Sharks 1 Grant Williams
50%
Prop Racing 92 59 Trevor Nyakane
50%
Loose Forward Shizuoka Blue Revs 27 Kwagga Smith
47%
Prop Bulls 0 Mornay Smith
47%
Prop N/A 38 Vincent Koch
47%
Lock Saitama Wild Knights 64 Lood de Jager
41%
Centre Harlequins 10 André Esterhuizen
34%
Hooker Stormers 3 Deon Fourie
34%
Loose Forward Leicester Tigers 17 Jasper Wiese
31%
Wing Bulls 12 Cornal Hendricks
28%
Scrum-half Stormers 22 Herschel Jantjies
25%
Hooker Stormers 4 Joseph Dweba
22%
Lock Stormers 8 Marvin Orie
22%
Loose Forward Stormers 1 Evan Roos
19%
Fullback Sharks 3 Aphelele Fassi
16%
Scrum-half Sharks 10 Jaden Hendrikse
16%
Lock Bulls 1 Ruan Nortje
16%
Lock Stormers 2 Salmaan Moerat
16%
Loose Forward Bulls 9 Marco van Staden
9%
Wing Bulls 16 Sbu Nkosi
9%
Hooker Stormers 0 Andre-Hugo Venter
6%
Centre Lions 0 Henco van Wyk
6%
Lock Leinster 1 Jason Jenkins
6%
Prop Sharks 1 Ntuthuko Mchunu
6%
Loose Forward Sharks 0 Phepsi Buthelezi
6%
Fullback Stormers 0 Sacha Mngomezulu
6%
Scrum-half Lions 0 Sanele Nohamba
6%
Loose Forward Sharks 0 Sikhumbuzo Notshe
6%
Fly-half Lions 0 Gianni Lombard
3%
Hooker Bulls 0 Jan-Hendrik Wessels
3%
Fly-half Bulls 0 Johan Goosen
3%
Prop Stormers 0 Sazi Sandi
3%
Centre Stormers 0 Suleiman Hartzenberg
3%
Prop Bulls 0 Simphiwe Matanzima
0%
No matching quizzes found
Score Distribution
Percent of People with Each Score
Percentile by Number Answered
Your Score History
You have not taken this quiz since the last reset